Statistics for People Born On July 4th

Click here to take the quiz!

General Stats

  • This quiz has been taken 11 times
  • The average score is 3 of 11

Answer Stats

HintAnswer% Correct
Alliterative US President in office from 1923-1929Calvin Coolidge
90%
Led Union Army to victory over Confedaracy and became 18th PresidentUlysses S Grant
90%
Major organized crime figure known as the "Mob's Accountant".Meyer Lansky
10%
Argentine footballer voted Real Madrids all time great after helping win 5 European Cups in 1950sAlfredo Di Stefano
10%
Canadian Born tv and radio host known as "Kid"David Jensen
10%
American Actress who won BAFTA and Academy Award for On The WaterfrontEva Marie-Saint
10%
Italian born actress Won Golden Globe award for Buona Sera Mrs CampbellGina Lollobrigida
10%
American female tennis player who won 133 titles in 1980s and 1990s,later married actor George LazenbyPam Shriver
10%
American playwright who won Tony award for "The Odd Couple"Neil Simon
10%
US soul singer famous for "Lovely Day".Bil Withers
0%
French tennis player who lost to Mats Wilander in French Open in 1988Henri Leconte
0%

Score Distribution

Percentile by Number Answered

Percent of People with Each Score

Your Score History

You have not taken this quiz